Cathédrales de France par image n°2 - Statistiques

Statistiques générales
  • Ce quiz a été pris 365 fois
  • Le résultat moyen est 6 sur 15
Statistiques - réponses
Par images Hint Réponse % Correct
XIIIe Notre-Dame d'Amiens
82%
XIe-XIIIe Notre-Dame de Chartres
65%
XIIe-XIIIe Saint-Etienne de Bourges
62%
XIIe-XVe Saint-Jean de Lyon
58%
XIXe-XXe Notre-Dame-de-la-Treille de Lille
52%
XVIIe Sainte-Réparate de Nice
41%
XIIIe-XIVe Saint-Just de Narbonne
35%
XIIIe-XVIe Notre-Dame de Rodez
33%
XVIIe Notre-Dame-de-l'Annonciation de Nancy
32%
XIIe-XVIIe Notre-Dame-des-Doms d'Avignon
30%
XIe-XIIIe Notre-Dame-de-l'Annonciation du Puy-en -Velay
28%
XIIIe-XIVe Saint-Bénigne de Dijon
27%
XVe-XVIe Saint-Pierre de Vannes
27%
XVIe-XVIIe Notre-Dame du Havre
21%
XVIIIe Notre-Dame-de-Guadeloupe de Basse-Terre
11%
Aucun quiz correspondant
Distribution des résultats
% des personnes avec chaque résultat
Percentile par nombre de réponses
Votre historique - résultats
Vous n’avez pas pris ce quiz